MDQL
is popping MORE tags! Check the
thread
!
Quizzes
Events
Quiz Creation
Community
Videos
Private Events
Remove Ads
Sign In
Join for FREE
Feedback
Dark Mode
Quiz Categories
Sports
Geography
Music
Movies
Television
Just For Fun
Miscellaneous
History
Literature
Language
Science
Gaming
Entertainment
Religion
Holiday
For Kids
Quiz Lab
Recent
Popular Today
Quiz Kudos Today
Editor Picks
Curator Picks
Quizzes by...
Day
Popularity
Type
Ratings
Length
Year
Community
Subscriptions
Recent Discussions
Orange Saloon
Badges
Playlists
Quests
Create
Leaderboards
Showdown
Live 5
Trivia Bingo
Activity
Puzzle Library
Sporcle Events
Private Events
Virtual Trivia
Globe League
Become a Host
Pub Owners
SporcleCon
Opinionation
Our Games
Videos
Blog
Mobile Apps
Partnerships
Remove Ads and Go Orange
Feedback
Television
TV Characters
TV Show
Sitcom
Network
Friends
Reality Shows
Cast
South Park
Star Trek
The Simpsons
Doctor Who
Television
TV Characters
TV Show
Sitcom
Network
Friends
Reality Shows
Cast
South Park
Star Trek
The Simpsons
Doctor Who
Random Quiz
Search Sporcle
×
Quiz Lab
Quiz Lab
Television
NBC
Click on regions of an image
Click on regions of an image
Picture Click
Best Score? Go Orange.
Parks and Recreation Middle Names Stats
Can you give the middle names of these Parks and Recreation characters?
By
llamabanana
4m
8 Questions
1,271 Plays
1,271 Plays
1,271 Plays
Comments
Comments
Give Quiz Kudos
Give Quiz Kudos
-
- Ratings
hide this ad
Forced Order
Answers have to be entered in order
Answers have to be entered in order
Replay
Link that replays current quiz
Next Quiz
Link to next quiz in quiz playlist
You Got
0%
They Got
Avg Score
75%
Avg Friend Score
Upgrade to see
Score Distribution
Jump to the score distribution portion of the page
Score
0/8
Timer
04:00
0
Plays Today
% Correct
Ron Ulysses Swanson
90.7%
April Roberta Ludgate
84.3%
Leslie Barbara Knope
78.6%
Ann Meredith Perkins
78.4%
Benjamin Walker Wyatt
76.1%
Andrew Maxwell Dwyer
70.1%
Thomas Montgomery Haverford
65.6%
Donna Marie Meagle
59.4%
Quiz Playlist
Details
Report
Send in Message
Add To Playlist
Picture Click:
Click on regions of an image
Forced Order:
Answers have to be entered in order
Last Updated: Aug 23, 2017
Quiz Scoreboard
CHALLENGE
Sign Up to Join the Scoreboard
Show All
Scores
Hide
Comments
May contain spoilers
Recently Published
Holiday 10x10 Sorting Gallery
by lukepisani3
Holiday
15m
Two Season TV Shows II
by 123Four
Television
10m
Image Sorting: Flags VI
by Barbecue
Geography
2m
More to Explore
Quiz From the Vault
Featured Blog Post
14 Easter Pick-up Lines to Find Eggs With
hide this ad
You Might Also Like...
Tags
Comedy
NBC
Parks and Recreation
Picture Click
Today's Top Quizzes in Television
Browse Television
hide this ad
Today's Top Quizzes in NBC
Browse NBC
Top Contributed Quizzes in Television
1
Survivor Journey Challenge
2
Even More Two Season TV Shows
3
Adjectives in 00s TV Shows
4
Even More Three Season TV Shows
5
Survivor Logic Puzzle: Heroes vs. Villains
6
Adjectives in 10s TV Shows
7
One Season TV Shows
8
One Piece Logic Puzzle
9
Brooklyn Nine Nine Logic Puzzle (How-To-Play)
10
Click the SpongeBob Episodes (Season 3)
Explore More
Trending Topics
Kpop
NBA
Anime
Disney
Crossword
Marvel
Harry Potter
Puzzle
The Office
Pokémon
WWE
NFL
Soccer
Song
Country
hide this ad
More By:
llamabanana
Quiz
Plays
Rating
Category
Featured
Created
Harry Potter Family Trees
2,159
4.45
Literature
Mar 26, 2016
Parks and Recreation Middle Names
1,271
5.00
Television
Dec 31, 2016
Skam Name Match
833
Television
Apr 5, 2017
Doctor Who Companion Actor Name Match
36
4.00
Television
Jan 9, 2024
Go to Creator's Profile
Score Distribution
Quiz Creator Spotlight
llamabanana
Follow
Send a Message
Quizzes Created
-
Created Quiz Play Count
-
More By This Creator
Popular Quizzes Today
1
Find the US States - No Outlines Minefield
2
Colored Red Africa Blitz
3
Find the 'City' Movie
4
The Countries of the World
5
Find the US States
6
5x2 Blitz: Bands
7
Find the Countries of Europe - No Outlines Minefield
8
US States
More Television Quizzes
Joel McHale on TV
Quiz Lab
Trending Quizzes
Colored Red Europe Blitz I
Colored Red Europe Blitz II
Colored Red Africa Blitz II
Colored Red Europe Blitz III
Colored Red Africa Blitz III
Recently Updated
Odd Team Out - Big 4 Players
pecheneg
Quick Pick: 20 Twenties
pecheneg
March Madness Men's Triple Doubles
pecheneg
How Do You Spell That?
pecheneg
Godzilla Movies
pecheneg
Grab Bag: 4-10 Letters
pecheneg
2024 March Madness Bracket
pecheneg
Famous TV Couples
Peacemaker
Champions League XIs: Real Madrid
pecheneg
Largest US Cities 1790-2010
pecheneg
Trending Topics
Crossword
Kpop
Harry Potter
NBA
Marvel
Anime
Disney
Country
Puzzle
Soccer
Pokémon
WWE
NFL
Song
The Office
Your Account Isn't Verified!
In order to create a playlist on Sporcle, you need to verify the email address you used during registration. Go to your
Sporcle Settings
to finish the process.
Report this User
Report this user for behavior that violates our
Community Guidelines
.
Details:
Send Report
Go to the Sporcle.com Mobile Site →
Comments